003570000a2200133000450024500450000030000090004565000150005465000160006965000290008565000240011404100130013826000110015177300610016210aEvolutionary approach to animal behavior a1-2314aEtología14aEvolución14aAdaptación biológica14aSelección natural0 aInglés c[199?]1 tIn Alcock, J./ Animal Behaviorkan Evolutionary Approach